[Event "Ruhrgebiet Verbandsklasse Gruppe 3 1516"]
[Site "Germany"]
[Date "2015.09.27"]
[Round "2.5"]
[White "Tig, Achmet"]
[Black "Cavasin, Joerg"]
[Result "1-0"]
[WhiteElo "1840"]
[BlackElo "1842"]
[PlyCount "83"]
[EventDate "2015.09.06"]
[EventType "team-tourn"]
[EventRounds "9"]
[EventCountry "GER"]
[SourceTitle "EXT 2022"]
[Source "ChessBase"]
[SourceDate "2021.10.06"]
[SourceVersion "1"]
[SourceVersionDate "2021.10.06"]
[SourceQuality "1"]
[WhiteTeam "Hervest Dorsten"]
[BlackTeam "Altenessen"]
[WhiteTeamCountry "GER"]
[BlackTeamCountry "GER"]

1. d4 d5 2. c4 e6 3. Nc3 Nf6 4. Bg5 Be7 5. e3 0-0 6. Nf3 h6 7. Bh4 Nbd7 8. Rc1 c6 9. a3 Re8 10. Qc2 Qa5 11. Bd3 dxc4 12. Bxc4 Qh5 13. Bg3 Nd5 14. Ne4 N7f6 15. Nxf6+ gxf6 16. 0-0 Bd7 17. e4 Nb6 18. Ba2 Rac8 19. Rfd1 Bf8 20. Bb1 c5 21. Qd2 Ba4 22. Re1 Red8 23. Qa5 Ra8 24. dxc5 Be8 25. Bc7 Rdc8 26. Bxb6 axb6 27. Qxb6 Bxc5 28. Qb3 b6 29. Qd3 Rd8 30. Qc3 Kg7 31. Red1 Rdc8 32. Qd2 Ba4 33. Bc2 Bc6 34. Qf4 Be7 35. Nd4 Bb7 36. Bb3 Rd8 37. Qc7 Bd6 38. Nxe6+ Kh8 39. Rxd6 Rdc8 40. Rd8+ Rxd8 41. Nxd8 Rc8 42. Nxf7+ 1-0

[Event "Ruhrgebiet VK1 1112"]
[Site "Nordrheinwestfalen"]
[Date "2011.10.09"]
[Round "2"]
[White "Tig, Achmet"]
[Black "Watzlawek, Markus"]
[Result "0-1"]
[WhiteElo "1991"]
[BlackElo "2018"]
[PlyCount "68"]
[EventDate "2012.09.18"]
[EventType "team-tourn"]
[EventRounds "9"]
[EventCountry "GER"]
[SourceTitle "EXT 2020"]
[Source "ChessBase"]
[SourceDate "2019.10.17"]
[SourceVersion "1"]
[SourceVersionDate "2019.10.17"]
[SourceQuality "1"]
[WhiteTeam "Hervest Dorsten"]
[BlackTeam "Eichlinghofen SV"]
[WhiteTeamCountry "GER"]
[BlackTeamCountry "GER"]

1. d4 f5 2. Nf3 Nf6 3. g3 g6 4. Bg2 Bg7 5. 0-0 0-0 6. c4 d6 7. Nc3 c6 8. Re1 Ne4 9. Nxe4 fxe4 10. Ng5 d5 11. Be3 h6 12. Nh3 g5 13. f3 Nd7 14. fxe4 dxe4 15. Nf2 Nf6 16. Rf1 Bf5 17. Qd2 Qe8 18. Rad1 Rd8 19. Qa5 Qd7 20. Rd2 b6 21. Qa3 Qc7 22. Rfd1 Rd7 23. Qb3 Rfd8 24. Rf1 c5 25. d5 e6 26. Rfd1 exd5 27. cxd5 c4 28. Qa4 Nxd5 29. Rxd5 Rxd5 30. Rxd5 Rxd5 31. Qe8+ Bf8 32. Bxe4 Re5 33. Qa8 Bxe4 34. Nxe4 Qe7 0-1

[Event "Ruhrgebiet VK1 0910"]
[Site "Ruhrgebiet"]
[Date "2010.02.07"]
[Round "6.2"]
[White "Kock, Wolfgang"]
[Black "Tig, Achmet"]
[Result "0-1"]
[WhiteElo "2140"]
[BlackElo "1937"]
[PlyCount "164"]
[EventDate "2009.09.06"]
[EventType "team"]
[EventRounds "9"]
[EventCountry "GER"]
[SourceTitle "EXT 2011"]
[Source "ChessBase"]
[SourceDate "2010.11.26"]
[SourceVersion "1"]
[SourceVersionDate "2010.11.26"]
[SourceQuality "1"]
[WhiteTeam "Castrop Rauxel II"]
[BlackTeam "Hervest Dorsten"]
[WhiteTeamCountry "GER"]
[BlackTeamCountry "GER"]

1. c4 g6 2. g3 Bg7 3. Bg2 c5 4. Nf3 Nc6 5. Nc3 d6 6. Rb1 a6 7. 0-0 Rb8 8. e3 Bf5 9. d3 Nf6 10. h3 b5 11. cxb5 axb5 12. Ng5 Qb6 13. Nce4 0-0 14. Nxf6+ Bxf6 15. e4 Bd7 16. Be3 Nd4 17. Nf3 Nxf3+ 18. Qxf3 Qa6 19. a3 b4 20. Bh6 Rfc8 21. axb4 Rxb4 22. Qd1 Bb5 23. Ra1 Qb6 24. Ra2 Bd7 25. Bc1 Be6 26. Ra4 Bxb2 27. Rxb4 Qxb4 28. Bxb2 Qxb2 29. Qa1 Qxa1 30. Rxa1 Rc7 31. Bf1 Kg7 32. f3 g5 33. Kf2 Rb7 34. g4 Kf6 35. Rc1 Ke5 36. Ke3 Rb3 37. Be2 c4 38. Ra1 cxd3 39. Bd1 Rb2 40. Ra5+ Kf6 41. Kxd3 Rh2 42. Ke3 Rxh3 43. Kf2 Rh2+ 44. Ke3 Ra2 45. Rb5 Ra1 46. Be2 Re1 47. Rb4 Rc1 48. Kd2 Rc5 49. Ke3 Bc8 50. Bc4 Ra5 51. Rb6 Ra3+ 52. Kf2 Be6 53. Be2 Rb3 54. Rc6 Ra3 55. Kg3 Ra7 56. Rb6 Ke5 57. Rb5+ d5 58. Bc4 Rd7 59. Ba2 Kd4 60. exd5 Bxd5 61. Bb1 h6 62. Ra5 Rc7 63. Ra4+ Ke5 64. Ra3 e6 65. Re3+ Kd6 66. Ra3 Rc1 67. Bd3 Ke5 68. Be2 f5 69. Re3+ Kf6 70. gxf5 exf5 71. Ra3 h5 72. Ra6+ Rc6 73. Ra5 h4+ 74. Kf2 Be6 75. Bf1 Rc2+ 76. Kg1 Rd2 77. Ra6 Ke5 78. f4+ gxf4 79. Bg2 Bc4 80. Rh6 Be2 81. Rxh4 f3 82. Bh3 Bd3 0-1

[Event "Ruhrgebiet VK1 0910"]
[Site "Ruhrgebiet"]
[Date "2009.12.06"]
[Round "4.3"]
[White "Tig, Achmet"]
[Black "Uhlich, Wilfried"]
[Result "1/2-1/2"]
[WhiteElo "1937"]
[BlackElo "1868"]
[PlyCount "63"]
[EventDate "2009.09.06"]
[EventType "team"]
[EventRounds "9"]
[EventCountry "GER"]
[SourceTitle "EXT 2011"]
[Source "ChessBase"]
[SourceDate "2010.11.26"]
[SourceVersion "1"]
[SourceVersionDate "2010.11.26"]
[SourceQuality "1"]
[WhiteTeam "Hervest Dorsten"]
[BlackTeam "Drewer SG"]
[WhiteTeamCountry "GER"]
[BlackTeamCountry "GER"]

1. d4 d5 2. c4 e6 3. Nc3 Nf6 4. Bg5 c6 5. e3 Nbd7 6. Nf3 Qa5 7. cxd5 Nxd5 8. Qd2 N7b6 9. e4 Nxc3 10. bxc3 Na4 11. Bd3 Qxc3 12. Qxc3 Nxc3 13. Bd2 Na4 14. 0-0 Nb6 15. a4 Nd7 16. d5 cxd5 17. exd5 Nc5 18. Bb5+ Bd7 19. Bxd7+ Nxd7 20. dxe6 fxe6 21. Rfe1 h6 22. Rxe6+ Kf7 23. Re4 Be7 24. Be3 Rhd8 25. a5 Bf6 26. Rc1 Rac8 27. Rxc8 Rxc8 28. Bxa7 Rc1+ 29. Re1 Rxe1+ 30. Nxe1 Bc3 31. Kf1 Bxa5 32. Nd3 1/2-1/2

[Event "Ruhrgebiet VL2 0708"]
[Site "Germany"]
[Date "2008.03.09"]
[Round "7.2"]
[White "Grosse Frintrop, Gerd"]
[Black "Tig, Achmet"]
[Result "1/2-1/2"]
[WhiteElo "2045"]
[BlackElo "1956"]
[PlyCount "23"]
[EventDate "2007.09.02"]
[EventType "team"]
[EventRounds "9"]
[EventCountry "GER"]
[SourceTitle "EXT 2009"]
[Source "ChessBase"]
[SourceDate "2008.11.26"]
[SourceVersion "1"]
[SourceVersionDate "2008.11.26"]
[SourceQuality "1"]
[WhiteTeam "Buer"]
[BlackTeam "Hervest Dorsten"]
[WhiteTeamCountry "GER"]
[BlackTeamCountry "GER"]

1. d4 Nf6 2. c4 g6 3. f3 Bg7 4. e4 d6 5. Nc3 0-0 6. Be3 Nc6 7. Nge2 a6 8. Qd2 Rb8 9. Rb1 b5 10. cxb5 axb5 11. b4 Nd7 12. d5 1/2-1/2

[Event "Ruhrgebiet VL2 0708"]
[Site "Germany"]
[Date "2008.01.20"]
[Round "5.2"]
[White "Goschin, Andreas"]
[Black "Tig, Achmet"]
[Result "0-1"]
[WhiteElo "2161"]
[BlackElo "1956"]
[PlyCount "74"]
[EventDate "2007.09.02"]
[EventType "team"]
[EventRounds "9"]
[EventCountry "GER"]
[SourceTitle "EXT 2009"]
[Source "ChessBase"]
[SourceDate "2008.11.26"]
[SourceVersion "1"]
[SourceVersionDate "2008.11.26"]
[SourceQuality "1"]
[WhiteTeam "Laeufer Ost"]
[BlackTeam "Hervest Dorsten"]
[WhiteTeamCountry "GER"]
[BlackTeamCountry "GER"]

1. e4 c5 2. Ne2 d6 3. g3 Nc6 4. Bg2 g6 5. 0-0 Bg7 6. c3 e6 7. d4 cxd4 8. cxd4 Nge7 9. Be3 0-0 10. Nbc3 Rb8 11. Qd2 b5 12. Bh6 b4 13. Nd1 Bxh6 14. Qxh6 Ba6 15. Re1 Bxe2 16. Rxe2 Nxd4 17. Rd2 e5 18. Rc1 Rc8 19. Rxc8 Qxc8 20. f4 Qc5 21. Rf2 Qc1 22. Rf1 Qd2 23. Qh4 f6 24. fxe5 dxe5 25. Nf2 Kg7 26. Nd1 g5 27. Qh5 Rc8 28. Rf2 Qe1+ 29. Rf1 Qd2 30. Rf2 Qd3 31. Rf1 Rc1 32. Qe8 Ng8 33. Qd7+ Kh8 34. Qg4 Ne2+ 35. Kf2 Rc2 36. Bf3 Nh6 37. Qh5 Nf4+ 0-1

[Event "Ruhrgebiet VK2 0405"]
[Site "Ruhrgebiet"]
[Date "2004.11.28"]
[Round "4.2"]
[White "Tig, Achmet"]
[Black "Schulz, Karl Wilhelm"]
[Result "1/2-1/2"]
[WhiteElo "1948"]
[BlackElo "2087"]
[PlyCount "65"]
[EventDate "2004.09.12"]
[EventType "team"]
[EventRounds "9"]
[EventCountry "GER"]
[SourceTitle "EXT 2006"]
[Source "ChessBase"]
[SourceDate "2005.11.24"]
[SourceVersion "1"]
[SourceVersionDate "2005.11.24"]
[SourceQuality "1"]
[WhiteTeam "Hervest Dorsten"]
[BlackTeam "Muelheim Heissen"]
[WhiteTeamCountry "GER"]
[BlackTeamCountry "GER"]

1. d4 Nf6 2. Nf3 g6 3. c4 Bg7 4. Nc3 d5 5. cxd5 Nxd5 6. e4 Nxc3 7. bxc3 c5 8. Be3 Nc6 9. Rc1 Qa5 10. Qd2 cxd4 11. cxd4 Qxd2+ 12. Kxd2 0-0 13. Bb5 Rd8 14. Bxc6 bxc6 15. Rhd1 Bd7 16. Rb1 Rab8 17. Rdc1 a5 18. Rxb8 Rxb8 19. Rc5 Rb2+ 20. Rc2 Rb1 21. Ne1 e5 22. dxe5 Bxe5 23. Nd3 Bd6 24. Bd4 Kf8 25. Bc3 Rb5 26. a4 Rh5 27. h3 Bc7 28. Rb2 Bc8 29. f4 Ba6 30. e5 f6 31. Nc5 Bc8 32. Nd3 Ba6 33. Nc5 1/2-1/2

[Event "Ruhrgebiet VK2 0405"]
[Site "Ruhrgebiet"]
[Date "2004.10.10"]
[Round "2.2"]
[White "Tig, Achmet"]
[Black "Happe, Ulrich"]
[Result "1-0"]
[WhiteElo "1948"]
[BlackElo "2049"]
[PlyCount "77"]
[EventDate "2004.09.12"]
[EventType "team"]
[EventRounds "9"]
[EventCountry "GER"]
[SourceTitle "EXT 2006"]
[Source "ChessBase"]
[SourceDate "2005.11.24"]
[SourceVersion "1"]
[SourceVersionDate "2005.11.24"]
[SourceQuality "1"]
[WhiteTeam "Hervest Dorsten"]
[BlackTeam "Rochade Steele/Kray"]
[WhiteTeamCountry "GER"]
[BlackTeamCountry "GER"]

1. Nf3 Nf6 2. d4 g6 3. c4 Bg7 4. Nc3 d5 5. cxd5 Nxd5 6. e4 Nxc3 7. bxc3 0-0 8. Be3 c5 9. Rb1 Nc6 10. Qd2 cxd4 11. cxd4 Bg4 12. d5 Bxf3 13. gxf3 Ne5 14. Be2 Rc8 15. 0-0 b6 16. Rfc1 Qd7 17. Kg2 Rfd8 18. Bb5 Rxc1 19. Bxd7 Rxb1 20. Qc2 Rb4 21. Bh3 Nc4 22. Bg5 f6 23. Be6+ Kh8 24. Bf4 b5 25. Qc1 Ra4 26. Bc7 Ra8 27. Qf4 Ra6 28. Qh4 Rxe6 29. dxe6 Rc8 30. Bg3 Kg8 31. f4 Rc5 32. Qg4 f5 33. Qd1 Nd6 34. e5 Nc8 35. Qd8+ Bf8 36. Qe8 Kg7 37. Qf7+ Kh6 38. Qxf8+ Kh5 39. Bh4 1-0